Lloyds TSB Bank Plc v Markandin & Uddin (a firm) (Record no. 84174)

MARC details
000 -LEADER
fixed length control field 01034cab a22002055a 4500
001 - CONTROL NUMBER
control field L156845
008 - FIXED-LENGTH DATA ELEMENTS--GENERAL INFORMATION
fixed length control field 120719e2012 xxk 000 0 eng d
035 ## - SYSTEM CONTROL NUMBER
System control number (Sirsi) u156845
041 0# - LANGUAGE CODE
Language code of text/sound track or separate title eng
245 00 - TITLE STATEMENT
Title Lloyds TSB Bank Plc v Markandin & Uddin (a firm)
260 ## - PUBLICATION, DISTRIBUTION, ETC.
Date of publication, distribution, etc. 2012
520 ## - SUMMARY, ETC.
Summary, etc. [2012] EWCA Civ 65, 9 February 2012. Confirms that defrauded lenders may be able to recover all their losses from their solicitors. Claimant T agreed to loan a Mr Davies £742 500 to be secured on a property. Defendant solicitors M acting for T did not realise that the loan was part of an elaborate fraud and paid the loan to the fraudsters. "Held": appeal upheld. M had been careless and T was entitled to full repayment of the loan.
590 ## - LOCAL NOTE (RLIN)
Local note KA
650 24 - SUBJECT ADDED ENTRY--TOPICAL TERM
Topical term or geographic name entry element TRUSTEE ACT 1925 S61
650 24 - SUBJECT ADDED ENTRY--TOPICAL TERM
Topical term or geographic name entry element LLOYDS TSB BANK V MARKANDAN & UDDIN
690 ## - LOCAL SUBJECT ADDED ENTRY--TOPICAL TERM (OCLC, RLIN)
Topical term or geographic name as entry element Residential property
9 (RLIN) 6266
690 ## - LOCAL SUBJECT ADDED ENTRY--TOPICAL TERM (OCLC, RLIN)
Topical term or geographic name as entry element Finance and taxation
856 40 - ELECTRONIC LOCATION AND ACCESS
Uniform Resource Identifier <a href="https://www.bailii.org/ew/cases/EWCA/Civ/2012/65.html">https://www.bailii.org/ew/cases/EWCA/Civ/2012/65.html</a>
Public note View the law report at www.bailii.org
942 ## - ADDED ENTRY ELEMENTS (KOHA)
Suppress in OPAC 0
Holdings
Withdrawn status Lost status Source of classification or shelving scheme Damaged status Not for loan Home library Current library Shelving location Date acquired Total Checkouts Full call number Barcode Date last seen Copy number Price effective from Koha item type
    Dewey Decimal Classification     Virtual Virtual Online 19/07/2012   ONLINE PUBLICATION 156845-2001 06/08/2019 1 06/08/2019 Law report